000
00299nam a22001337a 4500
008
170227b xxu||||| |||| 00| 0 eng d
020
_a
9780071623483
041
_a
eng
080
_2
4TH
_a
577
100
_a
5
101
_a
SHMB
245
_a
BIOCHEMISTRY AND GENETICS
_c
WILSON, G.N
942
_2
udc
_c
BK
999
_c
6342
_d
6342